000 00808nam a2200217 i 4500
001 157693
003 ES-MaACL
005 20250804012826.0
008 020820s1879 fr |||| | fre d
040 _aCCPB | B
_bspa
_cCCPB | B
100 0 _aLiard, Louis.
_972157
245 1 3 _aLa science positive et la métaphysique /
_cpar Louis Liard.
260 _aParis :
_bLibrairie Germer Baillière et C\pie\s,
_c1879 (
_fE. Martinet)
300 _aVIII, 488 p. ;
_c23 cm.
490 1 _aBibliothèque de philosophie contemporaine
500 _aOuvrage couronné par l'Académie des Sciences morales et politiques.
650 7 _aMetafísica
_2embne
_915012
830 0 _aBibliothèque de philosophie contemporaine
_9181027
852 _aES-MaACL
_jB-6848
_z-- Enc. pasta española
999 _c157693
_d157693